| 000 | 01041nac a22002897a 4500 | ||
|---|---|---|---|
| 001 | BR8303327 | ||
| 003 | BR-BrBNA | ||
| 005 | 20240105115749.0 | ||
| 008 | 230509b bl.|||m| |||| 00| 0 por d | ||
| 040 |
_aBR-BrBNA _bpor _cBiblioteca Nacional de Agricultura |
||
| 072 | _aK10 | ||
| 090 | _a3280 BR8303327 | ||
| 100 | 1 | _aCastro, A.W.V. de | |
| 110 | 1 |
_aUnidade de Execucao de Pesquisa de Ambito Estadual de Porto Velho, RO (Brasil) _910373 |
|
| 245 | 1 | _aSelecao de especies florestais nativas para usos multiplos no estado de Rondonia [cedro, eucalipto, freijo-cinza, plantio, Brasil] | |
| 260 | 3 |
_aPorto Velho, RO (Brasil): _c1983. |
|
| 300 | _a3 p. | ||
| 490 |
_aPesquisa em Andamento - Unidade de Execucao de Pesquisa de Ambito Estadual de Porto Velho (Brazil) _vno. 49 _xISSN 0101-7039 |
||
| 650 | _aCEDRO | ||
| 650 | _aEUCALIPTO | ||
| 650 | _aFREIJO-CINZA | ||
| 650 | _aPLANTIO | ||
| 650 | _aCOMPORTAMENTO DE VARIEDADE | ||
| 650 | _aRONDONIA | ||
| 909 |
_a202312 _bLúcia Elande _c55 _dLúcia Elande |
||
| 942 |
_2AGRIS _n0 _cMS |
||
| 999 |
_c276279 _d276279 |
||